Zdravie zamestnancov v kocke

Čo je pracovná zdravotná služba. Formy pracovnej zdravotnej služby. Rozdelenie práce do štyroch kategórií. Nový hráč - bezpečnostný technik. Preventívne prehliadky. Živnostníci bez zmeny. Kontrola a pokuty.

Gespeichert in:
Bibliographische Detailangaben
1. Verfasser: Jurina, Ľubomír
Format: Buchkapitel
Sprache:Slowakisch
Schlagworte:
Tags: Tag hinzufügen
Keine Tags, Fügen Sie das erste Tag hinzu!

MARC

LEADER 00000naa a2200000 4500
001 0193781
005 20231113101941.9
041 0 |a slo 
044 |a SK 
245 1 0 |a Zdravie zamestnancov v kocke  |c Ľubomír Jurina 
520 |a Čo je pracovná zdravotná služba. Formy pracovnej zdravotnej služby. Rozdelenie práce do štyroch kategórií. Nový hráč - bezpečnostný technik. Preventívne prehliadky. Živnostníci bez zmeny. Kontrola a pokuty. 
610 2 0 |a zdravie 
610 2 0 |a starostlivosť o zdravie 
610 2 0 |a prevencia 
610 2 0 |a práca 
610 2 0 |a prostredie pracovné 
610 2 0 |a choroby z povolania 
610 2 0 |a zamestnanci 
610 2 0 |a zamestnávatelia 
610 2 0 |a legislatíva 
100 1 |a Jurina, Ľubomír